[Event "TUR-ch op"]
[Site "Antalya"]
[Date "2008.02.08"]
[Round "8.18"]
[White "Olcum, Ahmet"]
[Black "Sayber, Zeki"]
[Result "1-0"]
[WhiteElo "1870"]
[BlackElo "2141"]
[PlyCount "71"]
[EventDate "2008.02.04"]
[EventType "swiss"]
[EventRounds "11"]
[EventCountry "TUR"]
[SourceTitle "CBM 122 Extra"]
[Source "ChessBase"]
[SourceDate "2008.03.04"]
[SourceVersion "1"]
[SourceVersionDate "2008.03.04"]
[SourceQuality "1"]

1. b4 d5 2. Bb2 Nf6 3. e3 e6 4. b5 Bd6 5. Nf3 0-0 6. a4 Nbd7 7. Be2 c5 8. 0-0 b6 9. d3 Bb7 10. c4 Qc7 11. h3 Rad8 12. Nbd2 Rfe8 13. Qc2 e5 14. e4 dxe4 15. dxe4 Nf8 16. a5 Ne6 17. axb6 axb6 18. Ra7 Nd4 19. Bxd4 exd4 20. Bd3 Qc8 21. Re1 Bb8 22. Raa1 g6 23. e5 Nh5 24. Ne4 Bxe4 25. Rxe4 f5 26. exf6 Nxf6 27. Rxe8+ Nxe8 28. Bxg6 Qd7 29. Bd3 Nf6 30. Ra6 Qd6 31. Qd2 Kh8 32. Kf1 Nh5 33. Ng5 Kg7 34. Ne6+ Qxe6 35. Qg5+ Kf7 36. Qxd8 1-0

[Event "TUR-ch op"]
[Site "Antalya"]
[Date "2008.02.04"]
[Round "1.26"]
[White "Saglam, Emrah Sitki"]
[Black "Sayber, Zeki"]
[Result "0-1"]
[WhiteElo "1662"]
[BlackElo "2141"]
[PlyCount "58"]
[EventDate "2008.02.04"]
[EventType "swiss"]
[EventRounds "11"]
[EventCountry "TUR"]
[SourceTitle "CBM 122 Extra"]
[Source "ChessBase"]
[SourceDate "2008.03.04"]
[SourceVersion "1"]
[SourceVersionDate "2008.03.04"]
[SourceQuality "1"]

1. d4 Nf6 2. c4 g6 3. Nc3 d5 4. Nf3 Bg7 5. Bg5 c6 6. e3 0-0 7. Bd3 Bg4 8. h3 Be6 9. c5 Nfd7 10. 0-0 b6 11. cxb6 axb6 12. b4 c5 13. bxc5 bxc5 14. Bb5 cxd4 15. Nxd4 Nf6 16. Nxe6 fxe6 17. Bxf6 Bxf6 18. Qb3 Nd7 19. Rac1 Nc5 20. Qc2 Rc8 21. Qe2 Qa5 22. Nb1 Rc7 23. Rc2 Ne4 24. Bd3 Rxc2 25. Qxc2 Nd6 26. Qb3 Rc8 27. a4 Kg7 28. f3 Qc5 29. Kf2 Rc7 0-1

[Event "TUR-ch op"]
[Site "Antalya"]
[Date "2008.02.04"]
[Round "2.26"]
[White "Sayber, Zeki"]
[Black "Bayik, Hasan"]
[Result "0-1"]
[WhiteElo "2141"]
[BlackElo "1998"]
[PlyCount "78"]
[EventDate "2008.02.04"]
[EventType "swiss"]
[EventRounds "11"]
[EventCountry "TUR"]
[SourceTitle "CBM 122 Extra"]
[Source "ChessBase"]
[SourceDate "2008.03.04"]
[SourceVersion "1"]
[SourceVersionDate "2008.03.04"]
[SourceQuality "1"]

1. e4 c6 2. d4 d5 3. Bd3 dxe4 4. Bxe4 Nf6 5. Bf3 Bf5 6. Ne2 e6 7. Ng3 Bg6 8. 0-0 Bd6 9. Re1 h6 10. c4 0-0 11. Nc3 Nbd7 12. Be3 e5 13. d5 c5 14. a3 Ne8 15. Nge4 f5 16. Nxd6 Nxd6 17. Na4 b6 18. Be2 f4 19. Bd2 e4 20. Bg4 Nxc4 21. Be6+ Kh7 22. Qc1 Nce5 23. Qc3 Nd3 24. Rf1 N7e5 25. b4 cxb4 26. axb4 f3 27. g3 Bf5 28. Bxf5+ Rxf5 29. Qd4 Qe8 30. Qxe4 Qh5 31. h4 Re8 32. Ra3 Ng6 33. Qxe8 Qg4 34. Rxd3 Nxh4 35. Rxf3 Nxf3+ 36. Kg2 Rh5 37. Qxh5 Qxh5 38. Bf4 Qxd5 39. Nc3 Ne1+ 0-1

[Event "Olympiad-34"]
[Site "Istanbul"]
[Date "2000.11.10"]
[Round "13.4"]
[White "Sayber, Zeki"]
[Black "Nakamura, Ryuji"]
[Result "1-0"]
[WhiteElo "2204"]
[BlackElo "2127"]
[PlyCount "125"]
[EventDate "2000.10.28"]
[EventType "team-swiss"]
[EventRounds "14"]
[EventCountry "TUR"]
[SourceTitle "EXT 2001"]
[Source "ChessBase"]
[SourceDate "2000.11.22"]
[SourceVersion "1"]
[SourceVersionDate "2000.11.22"]
[SourceQuality "1"]
[WhiteTeam "Turkey II"]
[BlackTeam "Japan"]
[WhiteTeamCountry "TUR"]
[BlackTeamCountry "JPN"]

1. e4 c5 2. Nf3 Nc6 3. d4 cxd4 4. Nxd4 Nf6 5. Nxc6 bxc6 6. Bd3 d6 7. 0-0 e5 8. c4 Be7 9. Nc3 0-0 10. h3 Be6 11. Qe2 Qc7 12. Bg5 h6 13. Bh4 Nxe4 14. Nxe4 Bxh4 15. c5 d5 16. Nd6 Bf6 17. Bf5 Qd7 18. Bc2 e4 19. Rad1 Qe7 20. f3 exf3 21. Rxf3 Rab8 22. b3 Rb4 23. Kh1 g6 24. Rdf1 Bh4 25. Qd2 Re4 26. Bxe4 dxe4 27. Nxe4 Bd5 28. Nf6+ Bxf6 29. Rxf6 Qe4 30. R6f4 Qe7 31. b4 Re8 32. R1f2 f5 33. a4 Be4 34. Rf1 g5 35. Rxf5 Bxf5 36. Rxf5 Rd8 37. Qa2+ Kg7 38. Rf1 Rf8 39. Qb2+ Kg6 40. Qc2+ Kg7 41. Qc3+ Kg6 42. Qd3+ Kg7 43. Qd4+ Kg8 44. Qc4+ Kg7 45. Qc3+ Kg6 46. Re1 Qd7 47. Qc2+ Kg7 48. Rd1 Qe7 49. b5 cxb5 50. axb5 Rd8 51. Qc3+ Kg6 52. Qc2+ Kg7 53. Qb2+ Kg6 54. Qb1+ Kg7 55. Qa1+ Kg6 56. Rxd8 Qxd8 57. Qa6+ Kf5 58. Qxa7 Qd1+ 59. Kh2 Qc1 60. Qf7+ Ke4 61. Qe6+ Kd4 62. Qd6+ Ke4 63. c6 1-0

[Event "Olympiad-34"]
[Site "Istanbul"]
[Date "2000.11.01"]
[Round "5.4"]
[White "Cots Paltor, Jordi"]
[Black "Sayber, Zeki"]
[Result "0-1"]
[WhiteElo "2123"]
[BlackElo "2204"]
[PlyCount "42"]
[EventDate "2000.10.28"]
[EventType "team-swiss"]
[EventRounds "14"]
[EventCountry "TUR"]
[SourceTitle "EXT 2001"]
[Source "ChessBase"]
[SourceDate "2000.11.22"]
[SourceVersion "1"]
[SourceVersionDate "2000.11.22"]
[SourceQuality "1"]
[WhiteTeam "Andorra"]
[BlackTeam "Turkey II"]
[WhiteTeamCountry "AND"]
[BlackTeamCountry "TUR"]

1. e4 d6 2. d4 Nf6 3. Nc3 g6 4. Bg5 c6 5. Qd2 b5 6. a3 Bg7 7. Be2 0-0 8. h4 h5 9. Nh3 Nbd7 10. f3 Nb6 11. Bh6 Nc4 12. Bxc4 bxc4 13. Bxg7 Kxg7 14. e5 Nd5 15. Ne4 Bxh3 16. Rxh3 dxe5 17. dxe5 Qb6 18. 0-0-0 Rab8 19. c3 Nf4 20. Rh2 Rfd8 21. Qc2 Rxd1+ 0-1